000 00331nam a22001217a 4500
040 _crua
082 _aFAO MEN 2007 C011 Or.
100 _aម៉ែន​ សារុម
245 _aដំណាំស្រូវនៅកម្ពុជា
260 _aphnom penh
_brua
_c2007
300 _avi.345p.
_bill.
_c29cm.
942 _cREC
999 _c22130
_d22130